English Premier League Manager Nationalities - Statistics

General Stats
  • This quiz has been taken 1,253 times
    1,252 since last reset
  • The average score is 22 of 27
Answer Stats
Answer % Correct
Spain
98%
England
96%
Germany
95%
France
94%
Italy
94%
Portugal
93%
Republic of Ireland
92%
Scotland
92%
Netherlands
90%
Argentina
89%
Brazil
89%
United States
89%
Belgium
88%
Wales
88%
Sweden
87%
Denmark
85%
Norway
84%
Australia
82%
Austria
81%
Northern Ireland
78%
Switzerland
74%
Chile
67%
Croatia
67%
Serbia
63%
Uruguay
58%
Israel
31%
Jamaica
23%
No matching quizzes found
Score Distribution
Percent of People with Each Score
Percentile by Number Answered
Your Score History
You have not taken this quiz since the last reset